=LDR 00000nam 2200000 4500 =001 INLIS000000000036838 =005 20130612142612 =008 ***********************************Ind** =035 ##$$a0010-061300000036838 =041 ##$$a Ind =082 ##$$a 641.865 4 =090 ##$$a 641.865 4, Kue k =245 ##$$a Kue kering untuk idul fitri, Media Boga Utama =260 ##$$a 2010 $b Jakarta =300 ##$$a 50 hlm, ilus, 22 cm =650 ##$$a Kue-resep =850 ##$$a NBPNMAT =990 ##$$a 91298/BPAP-NTB/2014